00783nam a2200217 i 450000100060000000300090000600500170001500700030003200800410003510000450007624500920012126000460021330000210025949000150028070000400029583000470033585200320038294200080041499900170042295201260043971988ES-MaACL20250808021406.0t|040823s1957 sp ||||1| spa d0 aGil de Biedma, Jaime, d1929-199095678710aCompañeros de viaje / cJaime Gil de Biedma ; cubierta de José María de Martín. aBarcelona : bHorta, c[1957] (fFrontis) a81 p. ; c19 cm.1 aFe de Vida1 aMartín, José María de.97732500aFe de vida. pPoesía y ensayov39230108 aES-MaACLjC-17763 bR.44799 2udc c71988d71988 00104070aATENEOMbATENEOMcGaleríad2008-01-17eSCl0oC-17763p1075358r2023-02-23 00:00:00w2023-02-23yMONOGRAFIA